00558nam a2200193Ia 450000500170000000800410001702000150005808200190007310000130009224500620010526000370016730000120020465000110021665000110022765000100023894200060024895200950025499900150034920241219005218.0240331s9999 xx 000 0 und d a8188965030 bSHA25480a305 aRouse, S 0aShifting Body PoliticsbGender, Nation, State in Pakistan aNew DelhibWomen Unlimitedc2004 a155 p., aGender aNation aState cL 001040708LaWERCLbWERCLcSSCd2024-03-31l0o 305 ROUp5480r2024-03-31w2024-03-31yL c1444d1444